| 000 -LEADER |
| fixed length control field |
00352nam a22000977a 4500 |
| 082 ## - DEWEY DECIMAL CLASSIFICATION NUMBER |
| Classification number |
SNT AB45 P881b |
| 100 ## - MAIN ENTRY--PERSONAL NAME |
| Personal name |
A.C. Bhaktivedanta Swami Prabhupada |
| 9 (RLIN) |
46398 |
| 245 ## - TITLE STATEMENT |
| Title |
Beyond Illusion & doubt: A vedic perspective on western philosophy |
| Remainder of title |
by A.C. Bhaktivedanta Swami Prabhupada |
| 260 ## - PUBLICATION, DISTRIBUTION, ETC. (IMPRINT) |
| Place of publication, distribution, etc |
Mumbai |
| Name of publisher, distributor, etc |
Bhaktivedanta book trust |
| Date of publication, distribution, etc |
2002 |
| 300 ## - PHYSICAL DESCRIPTION |
| Extent |
260p |